Statistics for Top 10 Worst Countries in the World (not an opinion (Fact).)

Click here to take the quiz!

General Stats

  • This quiz has been taken 65 times
  • The average score is 7 of 11

Answer Stats

RankingCountry% Correct
Honourable mentionSyria
82%
#1Wales
59%
#2Wales
59%
#3Wales
59%
#5Wales
59%
#6Wales
59%
#7Wales
59%
#8Wales
59%
#9Wales
59%
#10Wales
59%
#4Suriname
41%

Score Distribution

Percentile by Number Answered

Percent of People with Each Score

Your Score History

You have not taken this quiz